E POLICY HANDBOOK RULES AND BEST PRACTIC (Record no. 23076)

MARC details
000 -LEADER
fixed length control field 00369nam a2200145Ia 4500
008 - FIXED-LENGTH DATA ELEMENTS--GENERAL INFORMATION
fixed length control field 240624s9999 xx 000 0 und d
041 ## - LANGUAGE CODE
Language code of text/sound track or separate title eng
082 ## - DEWEY DECIMAL CLASSIFICATION NUMBER
Classification number 004.068 FLY
100 ## - MAIN ENTRY--PERSONAL NAME
Personal name FLYNN NANCY
245 ## - TITLE STATEMENT
Title E POLICY HANDBOOK RULES AND BEST PRACTIC
250 ## - EDITION STATEMENT
Edition statement (2nd ed.)
260 ## - PUBLICATION, DISTRIBUTION, ETC.
Date of publication, distribution, etc. 2009
Place of publication, distribution, etc. New York
Name of publisher, distributor, etc. AMACOM
300 ## - PHYSICAL DESCRIPTION
Extent xi, : 323 : p. : cm. ; 22
365 ## - TRADE PRICE
Currency code
Price amount 30
Holdings
Withdrawn status Lost status Damaged status Not for loan Home library Current library Shelving location Date acquired Source of acquisition Cost, normal purchase price Full call number Barcode Date last seen Copy number Price effective from Koha item type
        IMTN IMTN Rack 1-A 09/26/2014 VBC 19.95 004.068 FLY 23076 06/24/2024 64.2 06/24/2024 Books
Designed & Maintained by: LRC IMT Nagpur Contact: lrc@imtnag.ac.in© 2024. All Rights Reserved.